|
|
|
|
| LEADER |
00000nim a2200000 a 4500 |
| 001 |
vtls012132017 |
| 003 |
SK-MaSNL |
| 005 |
20260301055443.0 |
| 007 |
sd fsngnnmmnud |
| 008 |
220425s2022 xo nnnnfs f n slo |
| 015 |
|
|
|a SNBJ2023
|
| 020 |
|
|
|a 9788018104606
|q (zvuková kniha)
|
| 040 |
|
|
|a SNK
|b slo
|c SNK
|e AACR2
|
| 041 |
0 |
|
|a slo
|
| 044 |
|
|
|a xo
|c SK
|
| 072 |
|
7 |
|a 821.162.4-3
|x Slovenská próza
|2 konspekt
|
| 080 |
|
|
|a 821.162.4-31
|2 2011
|
| 080 |
|
|
|a (086.76)
|2 2001
|
| 100 |
1 |
|
|a Soltész, Arpád,
|d 1969-
|4 aut
|9 169110
|
| 245 |
1 |
0 |
|a Zlodej
|h elektronický zdroj
|c Arpád Soltész ; číta: Jozef Kramár
|
| 260 |
|
|
|a Levoča
|b Slovenská knižnica pre nevidiacich Mateja Hrebendu
|c 2022
|
| 300 |
|
|
|a 1 elektronický optický disk (CD-ROM)
|b digitálny, mono, MP3
|c 12 cm
|
| 306 |
|
|
|a 125900
|
| 520 |
8 |
|
|a Libor je slušný chlapec z dobrej rodiny. Dospelým sa stáva v 90. rokoch, keď je peňazí dosť. Mafiánom, tunelárom a gaunerom sa váľajú len tak pohodené po zásuvkách. A okradnúť zlodeja môže byť zločin, ale určite to nie je hriech. Turbulentný proces transformácie z totality na vyspelú kleptokraciu je ako vlak. Libor sa ním vezie do vysnívaného cieľa prvou triedou. Vyjsť nie je vždy jednoduché a stanica, v ktorej napokon Libor vystúpi, nemusí byť miestom, ktoré si predstavoval.
|
| 521 |
|
|
|a pre nevidiacich, slabozrakých a inak zdravotne postihnutých
|
| 655 |
|
7 |
|a zvukové záznamy
|2 SNKPH
|9 70720
|
| 655 |
|
7 |
|a slovenské romány
|2 SNKPH
|9 70324
|
| 655 |
|
7 |
|a CD-ROM
|2 SNKPH
|9 70236
|
| 700 |
1 |
|
|a Kramár, Jozef
|4 nrt
|9 286445
|
| 752 |
|
|
|a Slovensko
|d Levoča
|
| 787 |
0 |
8 |
|i Podľa knihy:
|t Zlodej
|d Bratislava : Ikar, a.s., 2021
|z 978-80-551-8105-9
|
| 919 |
|
|
|a 978-80-18-10460-6
|
| 999 |
|
|
|c 613396
|d 615326
|
| 952 |
|
|
|a SNK
|b SNK
|y NEVYP
|7 1
|p 17A1532692
|o snkSCD 6314
|i snk2023/11112
|8 0
|0 0
|1 0
|4 0
|d 2023-07-19
|l 0
|r 2026-02-23 16:30:08
|w 2026-02-23
|